As sure as the dawn / (Registro nro. 13140)
[ vista simple ]
| 000 -LIDER | |
|---|---|
| fixed length control field | 00582nam a22001937a 4500 |
| 003 - IDENTIFICACDOR DE NÚMERO DE CONTROL | |
| control field | DO-SdBNP |
| 005 - DATE AND TIME OF LATEST TRANSACTION | |
| control field | 20171127150538.0 |
| 008 - ELEMENTOS DE LONGITUD FIJA | |
| fixed length control field | 171127b 1995 a xxu ||||| |||| 00| 0 spa d |
| 020 ## - ISBN | |
| International Standard Book Number | 0842339760 |
| 040 ## - FUENTE DE CATALOGACIÓN | |
| Agencia que crea de manera original el registro | BPMSU |
| Idioma de catalogación | spa |
| Agencia que realiza la transcripción | BPMSU |
| 092 ## - LOCALLY ASSIGNED DEWEY DECIMAL CALL NUMBER | |
| Número de clasificación | xxxx |
| Número de ítem (Cutter) | xxxx |
| 100 1# - ASIENTO PRINCIPAL -- NOMBRE PERSONAL | |
| Nombre personal | Rivers, Francine |
| 245 10 - MENCIÓN DE TITULO | |
| Título | As sure as the dawn / |
| Mención de responsabilidad | Francine Rivers. |
| 260 ## - PUBLICACIÓN, DISTRIBUCIÓN, ETC. (PIE DE IMPRENTA) | |
| Lugar de publicación, distribución, etc | Wheaton Ilinpis : |
| Nombre del editor, distribuidor, etc. | Tyndale House Publishers, |
| Fecha de publicación, distribución, etc | 1995. |
| 300 ## - DESCRIPCIÓN FÍSICA | |
| Extensión | 488 p. : |
| Otros detalles físicos | il., mapas ; |
| Dimensiones | 21 cm. |
| 942 ## - ADDED ENTRY ELEMENTS (KOHA) | |
| Source of classification or shelving scheme | Dewey Decimal Classification |
| Koha item type | Libros |
| 945 ## - INFORMACIÓN DE PROCESAMIENTO LOCAL | |
| Información de procesamiento local | Inventariado 2017 /LP |
| 956 ## - LOCAL ELECTRONIC LOCATION AND ACCESS (OCLC) | |
| Nombre de host | LOPEREZ |
| Número de acceso | 10 |
| Información de compresión | 20171127 |
| Procesador de solicitud | 0041 |
| Instrucción | BPMSU |
| Withdrawn status | Lost status | Source of classification or shelving scheme | Damaged status | Not for loan | Collection code | Home library | Current library | Date acquired | Source of acquisition | Total Checkouts | Barcode | Date last seen | Price effective from | Koha item type |
|---|---|---|---|---|---|---|---|---|---|---|---|---|---|---|
| Dewey Decimal Classification | Colección General | Biblioteca Pública Metropolitana Salomé Ureña | Biblioteca Pública Metropolitana Salomé Ureña | 11/27/2017 | Donación | BPMSU17110468 | 11/27/2017 | 11/27/2017 | Libros |